00439nam a22001577a 450000500170000001000130001702000180003002000150004803500230006303700110008608200080009710000190010524500870012426000390021130000310025020181220161330.0 aB-226101 a9788177582567 a8177582569 aB-226101, B-226127 bDpl/CL a510 aKhattar,Dinesh aThe Pearson guide to mathematics for NDA entrance examination /cby Dinesh Khattar aNew DelhibPearson Educationc2006 avarious pagingsc27cm(pbk)